| 000 | 01072na a2200325 4500 | ||
|---|---|---|---|
| 001 | 18243 | ||
| 003 | MIRAKIL | ||
| 005 | 20181213155045.0 | ||
| 008 | 161125b tu 000 0 | ||
| 020 | _a975192541X | ||
| 040 |
_aMilas _btur _cTR-AnCHP |
||
| 041 | _atur | ||
| 082 |
_a338.9 _bK46 2000 |
||
| 090 | _a338.9 K46 2000 | ||
| 245 |
_aKırsal kalkınma özel ihtisas komisyonu raporu _cDevlet Planlama Teşkilatı |
||
| 246 | _aKırsal kalkınma | ||
| 260 |
_aAnkara _bDevlet Planlama Teşkilatı _c2000 |
||
| 300 |
_aiv, 73 s. _btbl. _c27 sm. |
||
| 440 |
_aDPT _v2522 |
||
| 490 |
_aÖİK _v538 |
||
| 500 | _aSekizinci beş yıllık kalkınma planı özel ihtisas komisyonu raporu | ||
| 610 | _aDevlet Planlama Teşkilatı (DPT) | ||
| 650 |
_aBeş yıllık kalkınma planları _yTürkiye |
||
| 650 |
_aKırsal kalkınma _xKalkınma planı, 2000 _yRaporlar |
||
| 710 | _aDevlet Planlama Teşkilatı (DPT) | ||
| 740 | _aKırsal kalkınma | ||
| 830 | _aÖzel İhtisas Komisyonu | ||
| 830 | _aDevlet Planlama Teşkilatı Yayınları | ||
| 942 |
_2ddc _cBKS |
||
| 999 |
_c5719 _d5719 |
||